000 00671nam a2200205Ia 4500
005 20260121110328.0
008 008 260114s9999 xx 000 0 hin d
020 _a9788132352532
037 _aEBOOK
040 _aCRL
_bhin
_cCRL
041 _ahin
_2hin
084 _qCRL
100 _aमदन मोहन झा / Madan Mohan Jha
_9944834
245 0 _aपरवर्ती गांधीवादी चिंतन / Parvartī Gandhiwadi Chintan
260 _bभाषा प्रकाशन / Bhasha Prakashan
_c2020
856 _uhttps://bhashaprakashan.com/product-details/382307
942 _cEBOOK
999 _c1536498
_d1536498